Capital structure of Joint Stock Company - law review
Definícia akciovej spoločnosti podľa obchodného zákonníka SR (z. č. 513/1990). Modely organizačnej štruktúry a.s.: jednostupňová a dvojstupňová. Druhy a.s: verejná a súkromná. Definícia špecifických vlastností a.s.
Salvato in:
| Autore principale: | |
|---|---|
| Natura: | Capitolo di libro |
| Lingua: | inglese |
| Soggetti: | |
| Tags: |
Nessun Tag, puoi essere il primo ad aggiungerne!!
|
MARC
| LEADER | 00000nla a2200000 4500 | ||
|---|---|---|---|
| 001 | 0184188 | ||
| 005 | 20240502073145.9 | ||
| 041 | 0 | |a eng | |
| 044 | |a SK | ||
| 245 | 1 | 0 | |a Capital structure of Joint Stock Company - law review |c František Hocman |
| 520 | |a Definícia akciovej spoločnosti podľa obchodného zákonníka SR (z. č. 513/1990). Modely organizačnej štruktúry a.s.: jednostupňová a dvojstupňová. Druhy a.s: verejná a súkromná. Definícia špecifických vlastností a.s. | ||
| 610 | 2 | 0 | |a právo obchodné |
| 610 | 2 | 0 | |a spoločnosti akciové |
| 610 | 2 | 0 | |a zákonník obchodný |
| 610 | 2 | 0 | |a orgány štatutárne |
| 610 | 2 | 0 | |a štruktúra podniku organizačná |
| 610 | 2 | 0 | |a akcionári |
| 610 | 2 | 0 | |a Slovensko |
| 100 | 1 | |a Hocman, František, 1983- | |